[Event "Belgrade Spring op"]
[Site "Belgrade"]
[Date "2008.03.30"]
[Round "6"]
[White "Andric, Vladimir"]
[Black "Kerecki, Ljubisa"]
[Result "1/2-1/2"]
[WhiteElo "2115"]
[BlackElo "2169"]
[PlyCount "84"]
[EventDate "2008.03.25"]
[EventType "swiss"]
[EventRounds "9"]
[EventCountry "YUG"]
[SourceTitle "CBM 123 Extra"]
[Source "ChessBase"]
[SourceDate "2008.05.06"]
[SourceVersion "1"]
[SourceVersionDate "2008.05.06"]
[SourceQuality "1"]

1. d4 d5 2. c4 c6 3. Nf3 Nf6 4. Nc3 g6 5. cxd5 cxd5 6. Bf4 Nc6 7. e3 Bg7 8. Bb5 0-0 9. Bxc6 bxc6 10. Qa4 Qb6 11. 0-0 c5 12. Be5 cxd4 13. Bxd4 Qb7 14. b4 Bd7 15. Qb3 Rfb8 16. Rab1 Bf5 17. Rb2 Bd3 18. Rc1 Bc4 19. Qd1 e6 20. a4 Nd7 21. Bxg7 Kxg7 22. e4 Rd8 23. exd5 Bxd5 24. Nxd5 exd5 25. Qd4+ Kg8 26. h3 Nf8 27. b5 Ne6 28. Qe5 Rac8 29. Rbc2 Rxc2 30. Rxc2 d4 31. Rd2 Qb6 32. Qf6 Qc5 33. Ne5 Qc7 34. Nc6 Rd7 35. Rd3 Nf4 36. Rd2 d3 37. g3 Ne2+ 38. Kh2 Rd6 39. Qf3 Nc3 40. Rxd3 Rxd3 41. Qxd3 Nxa4 42. Qa3 Qb6 1/2-1/2

[Event "Belgrade Spring op"]
[Site "Belgrade"]
[Date "2008.03.29"]
[Round "5"]
[White "Tasev, Dejan"]
[Black "Andric, Vladimir"]
[Result "0-1"]
[WhiteElo "1941"]
[BlackElo "2115"]
[PlyCount "76"]
[EventDate "2008.03.25"]
[EventType "swiss"]
[EventRounds "9"]
[EventCountry "YUG"]
[SourceTitle "CBM 123 Extra"]
[Source "ChessBase"]
[SourceDate "2008.05.06"]
[SourceVersion "1"]
[SourceVersionDate "2008.05.06"]
[SourceQuality "1"]

1. e4 c5 2. Nf3 d6 3. d4 cxd4 4. Nxd4 Nf6 5. Nc3 a6 6. Bc4 e6 7. Bb3 Be7 8. Be3 0-0 9. Qe2 Nbd7 10. f4 Qc7 11. g4 Nc5 12. g5 Nfxe4 13. Nxe4 Nxe4 14. 0-0-0 Nc5 15. g6 Nxb3+ 16. axb3 fxg6 17. Qg2 Bf6 18. h4 e5 19. Ne2 Bf5 20. Ng3 exf4 21. Nxf5 gxf5 22. Bxf4 Be5 23. Rhf1 Rac8 24. Kb1 b5 25. h5 Qc6 26. Rd5 Rf7 27. h6 g6 28. Bxe5 dxe5 29. Rfd1 Rd7 30. c4 bxc4 31. bxc4 Rxd5 32. cxd5 Qd6 33. Qd2 f4 34. Qe2 Rc5 35. Qg4 Kf7 36. Qf3 g5 37. Qg4 Kg6 38. Rh1 Qxd5 0-1